Návrh riešenia na zlepšenie podnikovej kultúry v podmienkach Faurecia Automotive Slovakia s.r.o.

Saved in:
Bibliographic Details
Main Author: Hettešová, Dominika (Author)
Other Authors: Stareček, Augustín (Thesis advisor)
Format: Manuscript Book
Language:Slovak
Published: 2025
Subjects:
Online Access:http://is.stuba.sk/zp/portal_zp.pl?podrobnosti=183763
Tags: Add Tag
No Tags, Be the first to tag this record!

MARC

LEADER 00000ntm a22000003a 4500
001 stuzp104106
003 SK-STU
005 20250614212631.9
007 ta
008 150427s2015----xo-----f-mn---000-0-slo-d
040 |a STU  |b slo 
041 0 |a slo 
100 1 |a Hettešová, Dominika  |u 064000  |4 aut  |U MTF Materiálovotechnologická fakulta  |T MTF Ústav priemyselného inžinierstva a manažmentu  |X 109880  |U M4000  |Y 84  |7 109880 
242 0 1 |a Proposal for a solution to improve the corporate culture in the conditions of Faurecia Automotive Slovakia s.r.o.  |y eng 
245 1 0 |a Návrh riešenia na zlepšenie podnikovej kultúry v podmienkach Faurecia Automotive Slovakia s.r.o. 
260 |c 2025 
650 4 |a corporate culture analysis  |2 eng 
650 4 |a employee motivation  |2 eng 
650 4 |a motivation process  |2 eng 
650 4 |a industrial enterprise  |2 eng 
650 4 |a corporate culture  |2 eng 
650 4 |a priemyselný podnik  |2 slo 
650 4 |a podniková kultúra  |2 slo 
650 4 |a motivácia zamestnancov  |2 slo 
650 4 |a analýza podnikovej kultúry  |2 slo 
650 4 |a proces motivácie  |2 slo 
700 1 |a Stareček, Augustín  |u 064000  |k Z2  |4 ths  |U MTF Materiálovotechnologická fakulta  |T MTF Ústav priemyselného inžinierstva a manažmentu  |X 45682  |U M4000  |Y 84  |7 A000045682 
856 4 |u http://is.stuba.sk/zp/portal_zp.pl?podrobnosti=183763 
996 |c M* DP-15544  |l MMSKP  |s P  |a 0  |w stuzp104106_0001